| 000 | 00499nam a2200169 i 4500 | ||
|---|---|---|---|
| 001 | 101984 | ||
| 003 | ES-MaACL | ||
| 005 | 20230906183026.0 | ||
| 007 | t| | ||
| 008 | 051028s1923 sp ||||1| spa d | ||
| 100 | 1 |
_aMencos y García de Paredes, Joaquín. _980090 |
|
| 245 | 1 | 3 |
_aLa libertad religiosa / _cJoaquín Mencos y García de Paredes. |
| 260 |
_aMadrid : _bJ. Pérez Torres, _c1923. |
||
| 300 |
_a31 p. ; _c8º. |
||
| 650 | 4 |
_aLibertad religiosa. _914416 |
|
| 852 |
_aES-MaACL _j1666-F-12 |
||
| 999 |
_c101984 _d101984 |
||